000 00193 a2200097 4500
020 _a9780609606445
041 _aeng
100 _aIna Garden
245 _aBarefoot contessa Parties
942 _cBK
999 _c30660
_d30658